| 000 | 00816 a2200205 4500 | ||
|---|---|---|---|
| 008 | 100719t xxu||||| |||| 00| 0 eng d | ||
| 010 | _aENG-88973 | ||
| 020 |
_c595.00 _a9780195690767 |
||
| 035 | _aEN-72506 | ||
| 037 | _bD.B.Act / Pub | ||
| 082 | _a954.083 | ||
| 245 |
_aThe 1857 rebellion / _cedited by Biswamoy Pati |
||
| 260 |
_aNew Delhi _bOxford University Press _c2008 |
||
| 300 |
_axliii, 324p. _c22 cm ( Hb) |
||
| 490 | _aOxford in India readings: debates in Indian history and society/edited by Sayasachi Bhattacharya, B.D. Chattopadhyaya [and] Richard M. Eaton | ||
| 500 | _aIncludes bibliographical references and index | ||
| 700 | _aPati, Biswamoy | ||
| 942 |
_adpl _cEN _k954.083/ REB _2ddc |
||
| 999 |
_c9614 _d9614 |
||